000 00363nam a2200169Ia 4500
005 20251020182614.0
008 200515s9999 xx 000 0 und d
082 _aSC/691.11/I85
110 _aTrébol
245 0 _aAparatos Sanitarios
260 _aLima
260 _cs.a.
650 _aGRIFERIA
650 _aSANITARIOS
650 _aTANQUES
942 _cLIB
999 _c3441
_d3441